000 01410nam a2200265Ia 4500
999 _c41443
_d41443
001 8107
003 GE_BSU
005 20240311174347.0
008 181216s2006||||ge |||||||||||||| ||geo||
020 _a9992871962
040 _cGE_BSU
041 _ageo
080 _a821.351.32.91 ლ-38
245 _a ლეზგიური ფოლკლორი = Лезгинский фольклор /
_c[შემდგ. ლია ჩლაიძე ; მთ. რედ. ნაირა გელაშვილი ; ფილოლ. თარგმ. ლეზგიურიდან ქართულად მიხო ბეროშვილის, რუს. მაია გაიდაროვა].
264 _aთბილისი :
_bკავკასიური სახლი,
_c2006.
300 _a150 გვ. ;
_c20 სმ.
490 _aკავკასიის ხალხთა ფოლკლორი
500 _aტექსტი ქართულ და რუსულ ენებზე
541 _h7ლ.
653 _aლეზგიური ფოლკლორი
700 _aჩლაიძე, ლია
_eშემდგენელი
_921391
700 _aგელაშვილი, ნაირა
_eრედაქტორი
_9817
700 _a ბეროშვილი, მიხო
_eმთარგმნელი
_921392
942 _cBK
_2udc